[Event "Klub Kölner SF 1 - SK Münster 1"]
[Site "Oberliga NRW 2013/2014"]
[Date "2014.01.12"]
[Round "5.7"]
[White "Rott, Georg"]
[Black "Wisskirchen, Andreas"]
[Result "0-1"]
[WhiteElo "2147"]
[BlackElo "2185"]
[PlyCount "136"]
[EventDate "2014.??.??"]
[WhiteTeam "SK Münster 1"]
[BlackTeam "Klub Kölner SF 1"]

1. e4 c5 2. Nf3 d6 3. Bb5+ Bd7 4. Bxd7+ Qxd7 5. c4 Nc6 6. Nc3 g6 7. d4 cxd4 8.
Nxd4 Bg7 9. Be3 Nf6 10. f3 O-O 11. Qd2 Rac8 12. b3 b6 13. Rd1 Qb7 14. Nde2 a6
15. a4 Na5 16. Qa2 Rfd8 17. Nd5 Nxd5 18. cxd5 b5 19. Rd3 Rd7 20. O-O Rdc7 21.
Rc1 Rxc1+ 22. Nxc1 bxa4 23. Qxa4 Qb5 24. Bd2 Qxa4 25. bxa4 Nc4 26. Bf4 Nb2 27.
Ra3 Rc3 28. Ra2 Rc4 29. a5 f5 30. Ne2 fxe4 31. Bg5 exf3 32. gxf3 Kf7 33. Kf1
Ra4 34. Rxa4 Nxa4 35. Bd2 Nc5 36. Kf2 Bb2 37. Ke3 Kf6 38. f4 Nb3 39. Bb4 Kf5
40. h3 Bc1+ 41. Kf3 Kf6 42. Ng3 Kf7 43. Nf1 Nc5 44. Be1 Nd7 45. Bc3 Nf6 46.
Bxf6 exf6 47. Ng3 f5 48. Ne2 Bd2 49. Nd4 Bxa5 50. Ke2 Kf6 51. Ne6 h6 52. Nf8
Kf7 53. Ne6 Bb6 54. Kd3 Bf2 55. Nc7 a5 56. Kc4 g5 57. fxg5 hxg5 58. Kb5 Be1 59.
Ne6 Kf6 60. Kc6 Bb4 61. Nd4 Ke5 62. Nf3+ Kf4 63. Nd4 g4 64. h4 Ke5 65. h5 Kxd4
66. h6 Ke4 67. h7 Bc3 68. Kxd6 g3 0-1

[Event "Klub Kölner SF 1 - SK Münster 1"]
[Site "Oberliga NRW 2013/2014"]
[Date "2014.01.12"]
[Round "5.8"]
[White "Ludwig, Peter"]
[Black "Kammers, Heribert"]
[Result "1-0"]
[WhiteElo "2158"]
[BlackElo "2097"]
[PlyCount "127"]
[EventDate "2014.??.??"]
[WhiteTeam "Klub Kölner SF 1"]
[BlackTeam "SK Münster 1"]

1. Nf3 d5 2. c4 e6 3. g3 Nf6 4. Bg2 Be7 5. O-O O-O 6. b3 c5 7. Bb2 Nc6 8. e3 d4
9. exd4 cxd4 10. d3 e5 11. Re1 Nd7 12. Na3 f6 13. Nc2 Nc5 14. b4 Na4 15. Rb1
Nxb2 16. Rxb2 Rb8 17. Nd2 Bf5 18. b5 Na5 19. Qf3 Bg6 20. Nb4 Bxb4 21. Rxb4 b6
22. Nb3 Rc8 23. Nxa5 bxa5 24. Ra4 Qb6 25. Qe2 a6 26. Rb1 Rc5 27. Qd2 axb5 28.
Rxa5 Be8 29. Bd5+ Kh8 30. Qb4 Bd7 31. a4 Rfc8 32. axb5 Bf5 33. Ra6 Qd8 34. Qb3
h5 35. Bf3 e4 36. dxe4 Bg4 37. Bxg4 hxg4 38. b6 d3 39. b7 Rb8 40. Rd1 d2 41.
Qb4 Rc7 42. Rxd2 Qe8 43. c5 Rcxb7 44. Rb6 Rxb6 45. cxb6 Qc6 46. Rd6 Qb7 47. Qd4
Kh7 48. Qd3 Ra8 49. e5+ Kh6 50. Qd1 Kg5 51. exf6 gxf6 52. Qd2+ Kg6 53. Qd3+ Kg5
54. Qd2+ Kg6 55. Qd3+ Kg5 56. Qd5+ Qxd5 57. Rxd5+ f5 58. Rb5 Rb8 59. b7 Kf6 60.
Kf1 Ke6 61. Ke2 Kf6 62. Ke3 Kg5 63. Kd4 Kf6 64. Kc5 1-0

[Event "SG Porz 2 - SV Mülheim-Nord 2"]
[Site "Oberliga NRW 2013/2014"]
[Date "2014.02.02"]
[Round "6.1"]
[White "Levin, Felix"]
[Black "Miedema, David"]
[Result "1/2-1/2"]
[WhiteElo "2474"]
[BlackElo "2402"]
[PlyCount "37"]
[EventDate "2014.??.??"]
[WhiteTeam "SV Mülheim-Nord 2"]
[BlackTeam "SG Porz 2"]

1. d4 Nf6 2. c4 e6 3. Nf3 d5 4. Nc3 Bb4 5. Qb3 c5 6. dxc5 Nc6 7. Bg5 dxc4 8.
Qxc4 Qd5 9. Qxd5 Nxd5 10. Bd2 Bxc5 11. Nxd5 exd5 12. Rc1 Bb6 13. e3 d4 14. Nxd4
Nxd4 15. exd4 Bxd4 16. Bc3 Bxc3+ 17. Rxc3 O-O 18. Bd3 Be6 19. a3 1/2-1/2

[Event "SG Porz 2 - SV Mülheim-Nord 2"]
[Site "Oberliga NRW 2013/2014"]
[Date "2014.02.02"]
[Round "6.2"]
[White "Korotkjevich, Stanislav"]
[Black "Zwirs, Nico"]
[Result "1-0"]
[WhiteElo "2354"]
[BlackElo "2279"]
[PlyCount "141"]
[EventDate "2014.??.??"]
[WhiteTeam "SG Porz 2"]
[BlackTeam "SV Mülheim-Nord 2"]

1. d4 Nf6 2. Nf3 g6 3. Bg5 Bg7 4. e3 c5 5. c3 O-O 6. Bd3 d6 7. O-O Nc6 8. Nbd2
a6 9. a4 Rb8 10. Qe2 h6 11. Bxf6 Bxf6 12. dxc5 dxc5 13. Ne4 Bg7 14. Nxc5 Qb6
15. Ne4 f5 16. Ng3 e5 17. Bc4+ Kh8 18. e4 f4 19. Nh1 Bg4 20. Rfd1 Rbd8 21. b4
Ne7 22. h3 Bh5 23. Rxd8 Rxd8 24. g4 fxg3 25. Nxg3 Rf8 26. Nxh5 gxh5 27. Nh4 Qf6
28. Ng2 Ng6 29. Rd1 Nf4 30. Qf3 Qc6 31. Nxf4 exf4 32. Bd5 Qxa4 33. Bxb7 a5 34.
bxa5 Qxa5 35. c4 Qg5+ 36. Kh2 Rb8 37. Bd5 Be5 38. Rg1 Qh4 39. c5 Rb2 40. Rg2
Rc2 41. c6 Kh7 42. Bg8+ Kh8 43. Bd5 Kh7 44. Bg8+ Kh8 45. Be6 Qf6 46. Bd7 Rc3
47. Qxh5 f3+ 48. Rg3 Bxg3+ 49. Kxg3 Rc1 50. Qf5 Qd6+ 51. Kxf3 Rc5 52. Qf4 Rc3+
53. Kg4 h5+ 54. Kf5 Rc5+ 55. e5 Qf8+ 56. Kg5 Qg7+ 57. Kh4 Rxe5 58. c7 Qe7+ 59.
Kg3 Rg5+ 60. Kf3 Qxd7 61. Qxg5 Qc6+ 62. Kf4 Qc1+ 63. Kf5 Qc2+ 64. Kf6 Qc6+ 65.
Kf7 Qxc7+ 66. Qe7 Qc4+ 67. Qe6 Qc7+ 68. Kg6 Qg7+ 69. Kf5 Qg2 70. Qh6+ Kg8 71.
Qg5+ 1-0

[Event "SG Porz 2 - SV Mülheim-Nord 2"]
[Site "Oberliga NRW 2013/2014"]
[Date "2014.02.02"]
[Round "6.3"]
[White "Wittenberg, Andreas"]
[Black "Malykin, Vitaly"]
[Result "1/2-1/2"]
[WhiteElo "2149"]
[BlackElo "2321"]
[PlyCount "56"]
[EventDate "2014.??.??"]
[WhiteTeam "SV Mülheim-Nord 2"]
[BlackTeam "SG Porz 2"]

1. d4 e6 2. Nf3 f5 3. g3 Nf6 4. Bg2 d5 5. O-O Be7 6. c4 O-O 7. b3 Nc6 8. Bb2
Ne4 9. Ne5 Nxe5 10. dxe5 Bc5 11. Bd4 Bxd4 12. Qxd4 c5 13. Qd3 Qc7 14. f4 Rd8
15. Rd1 b6 16. Nc3 Bb7 17. e3 dxc4 18. Qxc4 Nxc3 19. Qxc3 Bxg2 20. Kxg2 Qc6+
21. Kf2 Rd5 22. Rd3 Rad8 23. Rad1 Kf7 24. a4 a6 25. Rxd5 Rxd5 26. Rxd5 Qxd5 27.
Qc4 Qd2+ 28. Kf3 Qd5+ 1/2-1/2

[Event "SG Porz 2 - SV Mülheim-Nord 2"]
[Site "Oberliga NRW 2013/2014"]
[Date "2014.02.02"]
[Round "6.4"]
[White "Gallinnis, Norbert"]
[Black "Smith, Thijmen"]
[Result "0-1"]
[WhiteElo "2268"]
[BlackElo "2193"]
[PlyCount "60"]
[EventDate "2014.??.??"]
[WhiteTeam "SG Porz 2"]
[BlackTeam "SV Mülheim-Nord 2"]

1. e4 c5 2. Na3 Nc6 3. g3 g6 4. h4 Nf6 5. Bg2 Bg7 6. d3 d5 7. c3 dxe4 8. dxe4
Bg4 9. Qxd8+ Rxd8 10. f3 Bc8 11. Nh3 Ne5 12. Nf2 b6 13. g4 h6 14. Bf4 Nh7 15.
Bd2 Nf8 16. O-O-O Ne6 17. f4 Rxd2 18. Rxd2 Nxf4 19. Bf1 O-O 20. Nb5 Nxg4 21.
Nxa7 Be6 22. Nc6 h5 23. Nxe7+ Kh7 24. Kc2 Ne3+ 25. Kb1 Bf6 26. Nc6 Nxf1 27.
Rxf1 Bxh4 28. Ne5 Bg5 29. Nf3 Bh6 30. Rg1 Nh3 0-1

[Event "SG Porz 2 - SV Mülheim-Nord 2"]
[Site "Oberliga NRW 2013/2014"]
[Date "2014.02.02"]
[Round "6.6"]
[White "Wagenknecht, Uwe"]
[Black "Bus, Tom"]
[Result "1/2-1/2"]
[WhiteElo "2165"]
[BlackElo "2079"]
[PlyCount "83"]
[EventDate "2014.??.??"]
[WhiteTeam "SG Porz 2"]
[BlackTeam "SV Mülheim-Nord 2"]

1. b3 e5 2. Bb2 Nc6 3. e3 Nf6 4. Bb5 Bd6 5. Na3 e4 6. Nc4 Be7 7. Bxc6 bxc6 8.
f3 O-O 9. fxe4 Nxe4 10. Qg4 Ng5 11. Qg3 f6 12. O-O-O d5 13. Na5 Bd7 14. Qh4 Rb8
15. a3 c5 16. d3 Rb5 17. Bc3 c6 18. Qa4 Ne6 19. Nf3 Qc7 20. Be1 Bd8 21. b4 cxb4
22. axb4 c5 23. Qa2 cxb4 24. Nb3 Be7 25. Bg3 Qb6 26. Nfd4 Nxd4 27. exd4 Rc8 28.
Rhe1 Bf8 29. Bf2 Rc3 30. Kb2 Qc6 31. Rd2 h6 32. Ra1 Rb6 33. Be1 Kh7 34. Re2 Bg4
35. Rf2 Bd6 36. g3 Qc7 37. Qxa7 Rb7 38. Qa5 Qc6 39. Qa4 Qc7 40. Qa5 Qc6 41. Qa4
Qc7 42. Qa5 1/2-1/2

[Event "SG Porz 2 - SV Mülheim-Nord 2"]
[Site "Oberliga NRW 2013/2014"]
[Date "2014.02.02"]
[Round "6.7"]
[White "Beerdsen, Thomas"]
[Black "Liard, Thibaud"]
[Result "1-0"]
[WhiteElo "2164"]
[BlackElo "2117"]
[PlyCount "113"]
[EventDate "2014.??.??"]
[WhiteTeam "SV Mülheim-Nord 2"]
[BlackTeam "SG Porz 2"]

1. e4 c5 2. Nf3 d6 3. Bb5+ Bd7 4. Bxd7+ Nxd7 5. O-O Ngf6 6. Re1 e6 7. c3 Be7 8.
d4 cxd4 9. cxd4 d5 10. e5 Ne4 11. Nbd2 Nxd2 12. Nxd2 O-O 13. Re3 Qb6 14. Qg4
Rfc8 15. Rg3 Bf8 16. Nf3 Rc2 17. Rh3 Rac8 18. Bd2 Rxb2 19. Rxh7 Rb1+ 20. Be1 g6
21. Qf4 Bg7 22. Ng5 f6 23. exf6 Nxf6 24. Rxg7+ Kxg7 25. Nxe6+ Kf7 26. Ng5+ Kg8
27. Rxb1 Qxb1 28. Kf1 Qd3+ 29. Kg1 Qb1 30. Kf1 Re8 31. Nf3 Qd3+ 32. Kg1 Qe4 33.
Qc1 Qe2 34. h3 Kg7 35. Ne5 Re7 36. Bb4 Rxe5 37. Qc7+ Kh6 38. Bf8+ Kg5 39. dxe5
Ne4 40. Qe7+ Kf4 41. Bh6+ g5 42. g3+ Kf5 43. g4+ Kf4 44. Bxg5+ Nxg5 45. Qf6+
Ke4 46. Qxg5 d4 47. e6 Qe1+ 48. Kg2 Kd3 49. Qb5+ Kc2 50. Qc4+ Kb1 51. Qxd4 Qxe6
52. a4 a5 53. g5 Qc6+ 54. f3 Qc2+ 55. Kg3 Qc7+ 56. f4 Qc6 57. Qg1+ 1-0

[Event "SG Porz 2 - SV Mülheim-Nord 2"]
[Site "Oberliga NRW 2013/2014"]
[Date "2014.02.02"]
[Round "6.8"]
[White "Heedt, Thorsten"]
[Black "Winkels, Marcel"]
[Result "1/2-1/2"]
[WhiteElo "2098"]
[BlackElo "1938"]
[PlyCount "109"]
[EventDate "2014.??.??"]
[WhiteTeam "SG Porz 2"]
[BlackTeam "SV Mülheim-Nord 2"]

1. c4 e5 2. g3 d6 3. Bg2 f5 4. Nc3 Nf6 5. d3 Be7 6. e4 c6 7. Nge2 O-O 8. h3 Na6
9. Be3 Qe8 10. exf5 Bxf5 11. Qd2 Qg6 12. d4 Bd3 13. d5 Nb4 14. O-O Bxc4 15.
dxc6 Nxc6 16. f4 Qd3 17. Qc1 Ba6 18. fxe5 dxe5 19. Rd1 Qg6 20. Qd2 Rfd8 21. Qc1
Rac8 22. Rxd8+ Rxd8 23. Bxc6 bxc6 24. Bxa7 Qh5 25. Qf1 Rd2 26. Re1 Bb4 27. g4
Qg6 28. Qf3 h5 29. Ng3 hxg4 30. hxg4 Rd3 31. Re3 Nxg4 32. Rxd3 Bxd3 33. Nce4
Bxe4 34. Qxe4 Qf7 35. Bb6 Be1 36. Qxe1 Qxa2 37. Qc3 Qd5 38. Bf2 Qd1+ 39. Be1
Qd5 40. b3 Nf6 41. Qc4 Kf7 42. Nf5 g6 43. Ne3 Qxc4 44. Nxc4 Ke6 45. Bc3 Nd7 46.
Kf2 Kd5 47. Ke3 Nc5 48. Nb6+ Ke6 49. b4 Na6 50. Nc4 Kd5 51. Nxe5 Nxb4 52. Nxg6
Kc4 53. Kd2 Nd5 54. Ne5+ Kb5 55. Nxc6 1/2-1/2

[Event "SK Turm Emsdetten 2 - SV Castrop-Rauxel"]
[Site "Oberliga NRW 2013/2014"]
[Date "2014.02.02"]
[Round "6.1"]
[White "Van Eijk, Sander"]
[Black "Kabatianski, Alexander"]
[Result "1/2-1/2"]
[WhiteElo "2364"]
[BlackElo "2422"]
[Annotator "Doe,John"]
[PlyCount "49"]
[EventDate "2014.??.??"]
[WhiteTeam "SV Castrop-Rauxel 1"]
[BlackTeam "SK Turm Emsdetten 2"]

1. e4 c5 2. Nc3 Nc6 3. Nge2 e6 4. d4 cxd4 5. Nxd4 Qc7 6. Be2 Nf6 7. Be3 a6 8.
a3 b5 9. Nxc6 dxc6 10. f4 Bb7 11. e5 Rd8 12. Bd3 Nd7 13. Qg4 g6 14. O-O Be7 15.
h4 c5 16. Be4 Nb6 17. Qf3 Bxe4 18. Nxe4 Nd5 19. c4 bxc4 20. Rac1 Nxe3 21. Qxe3
Rd4 22. Qe2 O-O 23. Rxc4 Rxc4 24. Qxc4 Qb6 25. Rd1 {Rest auf beiden Formularen
komplett unleserlich!} 1/2-1/2

[Event "SK Turm Emsdetten 2 - SV Castrop-Rauxel"]
[Site "Oberliga NRW 2013/2014"]
[Date "2014.02.02"]
[Round "6.2"]
[White "Fiebig, Thomas"]
[Black "Kartsev, Alexandr"]
[Result "1-0"]
[WhiteElo "2379"]
[BlackElo "2189"]
[Annotator "Doe,John"]
[PlyCount "181"]
[EventDate "2014.??.??"]
[WhiteTeam "SK Turm Emsdetten 2"]
[BlackTeam "SV Castrop-Rauxel 1"]

1. e4 c6 2. d4 d5 3. exd5 cxd5 4. c4 Nf6 5. Nc3 e6 6. a3 Be7 7. Nf3 O-O 8. Bd3
dxc4 9. Bxc4 Nc6 10. O-O b6 11. Bg5 Bb7 12. Ba2 Nd5 13. Bxd5 exd5 14. Bxe7 Nxe7
15. Re1 Re8 16. Qd2 Qd6 17. Re3 Nf5 18. Rxe8+ Rxe8 19. Re1 Rxe1+ 20. Qxe1 Qe7
21. Qc1 Nd6 22. h3 h6 23. Ne5 Qg5 24. Qe1 Qf4 $11 25. Qe3 Qxe3 26. fxe3 Ne4 27.
Nxe4 dxe4 28. Nc4 Bc6 29. Kf2 b5 30. Nd2 g5 31. g4 Kg7 32. Nf1 h5 33. gxh5 f5
34. Kg3 Kh6 35. h4 Kxh5 36. hxg5 Kxg5 37. Nd2 Bd5 38. Nb1 a5 39. Nc3 Bc4 40. b4
axb4 41. axb4 Kf6 42. Kf4 Ke6 43. Kg5 Bd3 44. d5+ Ke5 45. d6 Ke6 46. Kf4 Kxd6
47. Kxf5 Bc2 48. Nxb5+ Kd5 49. Na3 Bd3 50. Kf4 Bf1 51. Kg3 Bd3 52. Kf2 Kc6 53.
Ke1 Kd5 54. Kd1 Kc6 55. Kc1 Kd5 56. Kb2 Kd6 57. Kb3 Kc6 58. Nc4 Kb5 59. Nd6+
Kc6 60. Nf5 Kb5 61. Nd4+ Kb6 62. Kc3 Bf1 63. Nb3 Kb5 64. Nc5 Bg2 65. Nb7 Kc6
66. Na5+ Kd5 67. Nc4 Bf1 68. Na3 Bd3 69. Kb3 Kc6 70. Ka4 Kb6 71. b5 Kc5 72. Ka5
Bf1 73. b6 Kc6 74. Nc2 Kb7 75. Nd4 Bd3 76. Ne6 Kc6 77. Nc5 Kd6 78. Kb4 Bb1 79.
Kb3 Kc6 80. b7 Kc7 81. Kb2 Bd3 82. Nxd3 exd3 83. Kc3 Kxb7 84. Kxd3 Kc7 85. Ke4
Kd6 86. Kf5 Ke7 87. Ke5 Ke8 88. Ke6 Kd8 89. e4 Ke8 90. e5 Kd8 91. Kf7 1-0

[Event "SK Turm Emsdetten 2 - SV Castrop-Rauxel"]
[Site "Oberliga NRW 2013/2014"]
[Date "2014.02.02"]
[Round "6.3"]
[White "Sokalsky, Alexander"]
[Black "Richter, Christian"]
[Result "0-1"]
[WhiteElo "2221"]
[BlackElo "2322"]
[PlyCount "76"]
[EventDate "2014.??.??"]
[WhiteTeam "SV Castrop-Rauxel 1"]
[BlackTeam "SK Turm Emsdetten 2"]

1. Nf3 Nf6 2. g3 g6 3. Bg2 Bg7 4. d4 O-O 5. O-O d6 6. c4 Nc6 7. Nc3 a6 8. b3
Rb8 9. Bb2 b5 10. d5 Na5 11. cxb5 axb5 12. Nd4 b4 13. Na4 e6 14. dxe6 fxe6 15.
Nc6 Nxc6 16. Bxc6 Ba6 17. Rc1 Qe7 18. Bd4 Ng4 19. Bxg7 Qxg7 20. h3 Ne5 21. Bg2
Rfc8 22. f4 Nf7 23. Qd2 c5 24. Rfd1 Rc7 25. Qe3 Bb5 26. Qxe6 Re8 27. Qd5 Bxe2
28. Re1 Rce7 29. Nb6 Qb2 30. Kh2 Bf3 31. Qxf3 Rxe1 32. Rxe1 Rxe1 33. Qa8+ Kg7
34. Nd7 Kh6 35. g4 Qh8 36. g5+ Kg7 37. Qd5 Qe8 38. Qd2 Re2 0-1

[Event "SK Turm Emsdetten 2 - SV Castrop-Rauxel"]
[Site "Oberliga NRW 2013/2014"]
[Date "2014.02.02"]
[Round "6.4"]
[White "Bosman, Michiel"]
[Black "Kartsev, Soel"]
[Result "1-0"]
[WhiteElo "2292"]
[BlackElo "2223"]
[PlyCount "87"]
[EventDate "2014.??.??"]
[WhiteTeam "SK Turm Emsdetten 2"]
[BlackTeam "SV Castrop-Rauxel 1"]

1. d4 Nf6 2. Nf3 b5 3. e3 a6 4. c3 Bb7 5. a4 c6 6. Bd3 e6 7. O-O Be7 8. Nbd2
O-O 9. e4 d6 10. Qe2 Nbd7 11. e5 dxe5 12. dxe5 Nd5 13. Ne4 Qc7 14. Neg5 g6 15.
h4 Nc5 16. Bc2 a5 17. Ne4 Nd7 18. Bh6 Rfe8 19. Ned2 Nc5 20. h5 Ba6 21. axb5
cxb5 22. Rac1 Rad8 23. Rfd1 b4 24. c4 Nb6 25. Be3 Nd5 26. hxg6 hxg6 27. Bd4 a4
28. Ne4 b3 29. Bb1 Nxe4 30. Qxe4 Nb4 31. Qg4 Kg7 32. Ng5 Bxg5 33. Qxg5 Qe7 34.
Qf4 Nc6 35. Be3 Kg8 36. c5 Rxd1+ 37. Rxd1 Bb5 38. Rd6 Nd8 39. Be4 a3 40. bxa3
b2 41. Rb6 Qd7 42. Kh2 Nb7 43. Qf6 Kh7 44. Rxb5 1-0

[Event "SK Turm Emsdetten 2 - SV Castrop-Rauxel"]
[Site "Oberliga NRW 2013/2014"]
[Date "2014.02.02"]
[Round "6.5"]
[White "Kusnetsov, Mark"]
[Black "Van Foreest, Jorden"]
[Result "0-1"]
[WhiteElo "2175"]
[BlackElo "2349"]
[PlyCount "62"]
[EventDate "2014.??.??"]
[WhiteTeam "SV Castrop-Rauxel 1"]
[BlackTeam "SK Turm Emsdetten 2"]

1. e4 c5 2. Nc3 e6 3. f4 d5 4. Nf3 dxe4 5. Nxe4 Nf6 6. Ng3 Bd6 7. Bb5+ Bd7 8.
Bxd7+ Nbxd7 9. d3 Nd5 10. O-O Bxf4 11. Nh5 Bxc1 12. Nxg7+ Kf8 13. Nxe6+ fxe6
14. Qxc1 Ke7 15. Qg5+ Kd6 16. Qg3+ Kc6 17. Rae1 Re8 18. d4 c4 19. Ng5 Qc7 20.
Qh3 Re7 21. b3 c3 22. Nf7 Rae8 23. Qd3 b6 24. Qa6 Nc5 25. dxc5 Rxf7 26. Qa4+ b5
27. Qa6+ Kxc5 28. Rxf7 Qxf7 29. a4 Qd7 30. Re4 Nb4 31. Re5+ Kd4 0-1

[Event "SK Turm Emsdetten 2 - SV Castrop-Rauxel"]
[Site "Oberliga NRW 2013/2014"]
[Date "2014.02.02"]
[Round "6.6"]
[White "Lambrechts, Koen"]
[Black "Boehnke, Martin"]
[Result "1-0"]
[WhiteElo "2267"]
[BlackElo "2106"]
[PlyCount "85"]
[EventDate "2014.??.??"]
[WhiteTeam "SK Turm Emsdetten 2"]
[BlackTeam "SV Castrop-Rauxel 1"]

1. e4 d5 2. exd5 Qxd5 3. Nc3 Qa5 4. Nf3 c6 5. d4 Nf6 6. Be2 Bf5 7. O-O Nbd7 8.
Bf4 e6 9. Nd2 Qd8 10. a4 Bb4 11. Nc4 Nb6 12. Ne5 Nbd5 13. Nxd5 Nxd5 14. Bg3 O-O
15. c3 Bd6 16. a5 f6 17. Nd3 Bxg3 18. hxg3 Qc7 19. Re1 Rfe8 20. Bf3 Rad8 21.
Nc5 b6 22. axb6 axb6 23. g4 bxc5 24. gxf5 cxd4 25. Qxd4 e5 26. Qc4 Kh8 27. Ra6
Ne7 28. b4 Qd7 29. Bxc6 Nxc6 30. Qxc6 Qxf5 31. Rea1 Qc2 32. Ra8 Rxa8 33. Qxa8
Rg8 34. Qc6 Rd8 35. g3 e4 36. Qd5 Qd3 37. Qxd3 exd3 38. Kf1 Kg8 39. Ke1 Re8+
40. Kd2 Re2+ 41. Kxd3 Rxf2 42. b5 Rb2 43. c4 1-0

[Event "SK Turm Emsdetten 2 - SV Castrop-Rauxel"]
[Site "Oberliga NRW 2013/2014"]
[Date "2014.02.02"]
[Round "6.7"]
[White "Werrn, Pascal"]
[Black "Rietman, Frits"]
[Result "1/2-1/2"]
[WhiteElo "2039"]
[BlackElo "2259"]
[PlyCount "87"]
[EventDate "2014.??.??"]
[WhiteTeam "SV Castrop-Rauxel 1"]
[BlackTeam "SK Turm Emsdetten 2"]

1. d4 Nf6 2. c4 e6 3. g3 c5 4. d5 exd5 5. cxd5 d6 6. Nc3 g6 7. Bg2 Bg7 8. Nf3
O-O 9. O-O a6 10. a4 Re8 11. Nd2 Nbd7 12. h3 Rb8 13. Nc4 Ne5 14. Na3 Qc7 15. f4
Ned7 16. e4 c4 17. Be3 Nh5 18. Kh2 f5 19. Qe2 fxe4 20. Nxc4 Nc5 21. Bxc5 Qxc5
22. Nxe4 b5 23. Nxc5 Rxe2 24. Nxd6 bxa4 25. Nxa4 Bd7 26. Nc3 Rexb2 27. Nde4 Rc8
28. Ra3 Bf5 29. Ra2 Bxc3 30. Nxc3 Rxg2+ 31. Kxg2 Rxc3 32. g4 Be4+ 33. Kh2 Bxd5
34. Rd2 Bc4 35. Rff2 Nf6 36. Rd4 Nd5 37. f5 g5 38. Rb2 Kf7 39. Rb7+ Kf6 40. Re4
Rc2+ 41. Kg1 Nf4 42. Rb6+ Kf7 43. Rb7+ Kf6 44. Rb6+ 1/2-1/2

[Event "SK Turm Emsdetten 2 - SV Castrop-Rauxel"]
[Site "Oberliga NRW 2013/2014"]
[Date "2014.02.02"]
[Round "6.8"]
[White "Topp, Michael"]
[Black "Mueller, Frank"]
[Result "1-0"]
[WhiteElo "1978"]
[BlackElo "1978"]
[PlyCount "49"]
[EventDate "2014.??.??"]
[WhiteTeam "SK Turm Emsdetten 2"]
[BlackTeam "SV Castrop-Rauxel 1"]

1. c4 Nf6 2. g3 e6 3. Bg2 d5 4. Nf3 c6 5. O-O Be7 6. b3 b6 7. d4 Ba6 8. Qc2
Nbd7 9. a4 Rc8 10. a5 b5 11. c5 b4 12. Ra4 Rb8 13. Bf4 Rb7 14. Re1 O-O 15. Nbd2
Nh5 16. Be3 f5 17. Nf1 g5 18. h3 g4 19. hxg4 fxg4 20. Ne5 Nxe5 21. dxe5 Bg5 22.
Qd2 Bxe3 23. Nxe3 Bb5 24. Rxb4 Qxa5 25. Rxg4+ 1-0

[Event "SK Münster 1 - SV Erkenschwick 1"]
[Site "Oberliga NRW 2013/2014"]
[Date "2014.02.02"]
[Round "6.1"]
[White "Bitalzadeh, Ali"]
[Black "Cuijpers, Frans Andre"]
[Result "1/2-1/2"]
[WhiteElo "2428"]
[BlackElo "2414"]
[PlyCount "105"]
[EventDate "2014.??.??"]
[WhiteTeam "SV Erkenschwick 1"]
[BlackTeam "SK Münster 1"]

1. c4 Nf6 2. Nc3 e5 3. Nf3 Nc6 4. e3 Bb4 5. Qc2 Bxc3 6. Qxc3 Qe7 7. d4 Ne4 8.
Qd3 exd4 9. Nxd4 O-O 10. Be2 Qb4+ 11. Kf1 Nxd4 12. Qxd4 Re8 13. f3 Nf6 14. g4
d6 15. h4 c5 16. Qxd6 Be6 17. a3 Qa4 18. Qxc5 Rac8 19. Qb4 Qc6 20. Rg1 h5 21.
g5 Nd7 22. b3 Qc7 23. f4 Nc5 24. Kg2 Bg4 25. Bxg4 hxg4 26. Kh2 Qd7 27. Ra2 Ne4
28. Rag2 g3+ 29. Rxg3 Nxg3 30. Rxg3 Rcd8 31. Qc3 Qd1 32. Rg1 Qd3 33. Qxd3 Rxd3
34. b4 Rc3 35. c5 Rd8 36. Kg3 Rc2 37. f5 Rd3 38. g6 fxg6 39. fxg6 Kf8 40. Rf1+
Ke8 41. h5 Rd5 42. Kg4 Rc4+ 43. e4 Rxe4+ 44. Bf4 a5 45. Kf3 Re6 46. Rh1 Rd3+
47. Kg4 axb4 48. axb4 Rd4 49. b5 Rf6 50. Re1+ Kd7 51. Rf1 Rc4 52. c6+ bxc6 53.
bxc6+ 1/2-1/2

[Event "SK Münster 1 - SV Erkenschwick 1"]
[Site "Oberliga NRW 2013/2014"]
[Date "2014.02.02"]
[Round "6.2"]
[White "Van Der Weide, Karel"]
[Black "Willemze, Thomas"]
[Result "1/2-1/2"]
[WhiteElo "2397"]
[BlackElo "2398"]
[PlyCount "51"]
[EventDate "2014.??.??"]
[WhiteTeam "SK Münster 1"]
[BlackTeam "SV Erkenschwick 1"]

1. e4 d5 2. exd5 Qxd5 3. Nc3 Qa5 4. d4 Nf6 5. Nf3 Bf5 6. Ne5 c6 7. g4 Bg6 8.
Bg2 Nbd7 9. Nxd7 Nxd7 10. f4 f5 11. g5 O-O-O 12. Qe2 e6 13. O-O Bf7 14. Be3 h6
15. h4 hxg5 16. hxg5 Bd6 17. a3 Qc7 18. b4 Rh4 19. b5 Rg4 20. bxc6 bxc6 21.
Rab1 Nb8 22. Rb3 Qa5 23. Qc4 Kd7 24. Rb7+ Ke8 25. Rfb1 Kf8 26. a4 1/2-1/2

[Event "SK Münster 1 - SV Erkenschwick 1"]
[Site "Oberliga NRW 2013/2014"]
[Date "2014.02.02"]
[Round "6.3"]
[White "Erwich, Marc"]
[Black "Kuijf, Marinus"]
[Result "1/2-1/2"]
[WhiteElo "2364"]
[BlackElo "2357"]
[PlyCount "127"]
[EventDate "2014.??.??"]
[WhiteTeam "SV Erkenschwick 1"]
[BlackTeam "SK Münster 1"]

1. e4 e6 2. d4 d5 3. e5 c5 4. c3 Nc6 5. Nf3 Qb6 6. a3 f6 7. exf6 Nxf6 8. Bd3
cxd4 9. cxd4 Bd6 10. O-O Bd7 11. Nc3 Nxd4 12. Nxd4 Qxd4 13. Nb5 Qe5 14. f4 Bc5+
15. Kh1 Qb8 16. b4 Bd6 17. Be3 b6 18. Nxd6+ Qxd6 19. Bd4 O-O 20. g4 Ne4 21. Be5
Qe7 22. Bxe4 dxe4 23. Bd6 Qf7 24. Bxf8 Rxf8 25. Qd4 Bb5 26. Rf2 Bc6 27. Kg1 Qe7
28. Qe5 Qd7 29. Re1 Rf6 30. Rc2 e3 31. Qxe3 Qd5 32. Rxc6 Qxc6 33. Rc1 Qd6 34.
Qe5 Qxe5 35. fxe5 Rf4 36. Rc8+ Kf7 37. Rc7+ Kg6 38. Rxa7 Rxg4+ 39. Kf2 Rc4 40.
Ra6 Rc2+ 41. Ke3 Rxh2 42. Rxb6 Kf5 43. Rb7 g5 44. a4 h5 45. a5 Ra2 46. Kd4 h4
47. Rf7+ Kg6 48. Rf6+ Kh5 49. Rxe6 g4 50. Re8 g3 51. Rg8 g2 52. e6 h3 53. Kd3
Ra1 54. e7 Re1 55. e8=Q+ Rxe8 56. Rxe8 h2 57. Rh8+ Kg4 58. Rxh2 g1=Q 59. Rc2
Qf1+ 60. Kc3 Kf4 61. Kb2 Ke4 62. Rc5 Kd4 63. Kb3 Qd1+ 64. Ka3 1/2-1/2

[Event "SK Münster 1 - SV Erkenschwick 1"]
[Site "Oberliga NRW 2013/2014"]
[Date "2014.02.02"]
[Round "6.4"]
[White "Molinaroli, Martin"]
[Black "Erwich, Frank"]
[Result "0-1"]
[WhiteElo "2226"]
[BlackElo "2290"]
[PlyCount "104"]
[EventDate "2014.??.??"]
[WhiteTeam "SK Münster 1"]
[BlackTeam "SV Erkenschwick 1"]

1. b3 b6 2. Bb2 Bb7 3. Nf3 Nf6 4. e3 e6 5. d4 c5 6. Bd3 Nc6 7. O-O cxd4 8. exd4
Nb4 9. Be2 Nbd5 10. g3 Bd6 11. c4 Ne7 12. Nc3 O-O 13. Re1 Rc8 14. Bf1 Bb8 15.
Bg2 d5 16. Ne5 Ba6 17. Ba3 Bd6 18. Bxd6 Qxd6 19. Nb5 Bxb5 20. cxb5 Nd7 21. Qd2
Nxe5 22. dxe5 Qc5 23. Bf1 Qc3 24. Rad1 Qxd2 25. Rxd2 Rc3 26. Bd3 Rfc8 27. Ree2
g5 28. Kg2 Kg7 29. h3 Ng6 30. Bxg6 Kxg6 31. Rd4 h5 32. Ra4 R8c7 33. Rd4 R3c5
34. Rb4 Rc2 35. Rxc2 Rxc2 36. Ra4 Rc7 37. g4 hxg4 38. hxg4 f6 39. exf6 Kxf6 40.
Kf3 e5 41. Ra6 e4+ 42. Ke2 Ke5 43. a4 Kf4 44. a5 bxa5 45. Rxa5 d4 46. Ra4 d3+
47. Kd1 Kf3 48. Rd4 Rc5 49. Rb4 Rc2 50. Ra4 Rxf2 51. Rxa7 Ke3 52. Kc1 Rf1+ 0-1

[Event "SK Münster 1 - SV Erkenschwick 1"]
[Site "Oberliga NRW 2013/2014"]
[Date "2014.02.02"]
[Round "6.5"]
[White "Van Zutphen, Jimmy"]
[Black "Emunds, Hans Georg"]
[Result "1-0"]
[WhiteElo "2153"]
[BlackElo "2203"]
[PlyCount "57"]
[EventDate "2014.??.??"]
[WhiteTeam "SV Erkenschwick 1"]
[BlackTeam "SK Münster 1"]

1. d4 Nf6 2. Bf4 c5 3. e3 cxd4 4. exd4 Qb6 5. Nc3 a6 6. Rb1 e6 7. Nf3 d6 8. Bd3
Be7 9. O-O O-O 10. Re1 Nbd7 11. Ng5 Re8 12. Re3 Nf8 13. Rh3 e5 14. Nd5 Nxd5 15.
Bxh7+ Nxh7 16. Qh5 Bxg5 17. Qxh7+ Kf8 18. Qh8+ Ke7 19. Bxg5+ Kd7 20. Qxg7 Kc6
21. c4 Bxh3 22. cxd5+ Kxd5 23. gxh3 Rf8 24. Qf6 Qxd4 25. Qf3+ e4 26. Qb3+ Ke5
27. Rd1 Qc5 28. Rc1 Qd5 29. Qc3+ 1-0